[Event "HUN-chT"]
[Site "HUN"]
[Date "1992.??.??"]
[Round "?"]
[White "Donka, Peter"]
[Black "Foldi, Jozsef"]
[Result "1/2-1/2"]
[WhiteElo "2315"]
[BlackElo "2275"]

1.d4 Nf6 2.c4 e6 3.Nc3 Bb4 4.Qc2 O-O 5.a3 Bxc3+ 6.Qxc3 b6 7.Bg5 Bb7 8.Nh3 h6
9.Bh4 d6 10.f3 Nbd7 11.e3 c5 12.dxc5 bxc5 13.Rd1 Ne4 14.Bxd8 Nxc3 15.bxc3 Rfxd8
16.Rxd6 Nb6 17.Rd2  1/2-1/2

[Event "HUN-chT"]
[Site "HUN"]
[Date "1992.??.??"]
[Round "?"]
[White "Kaposztas, Miklos"]
[Black "Lengyel, Levente"]
[Result "0-1"]
[WhiteElo "2310"]
[BlackElo "2375"]

1.d4 Nf6 2.c4 e6 3.Nc3 Bb4 4.Qc2 O-O 5.Nf3 c5 6.dxc5 Na6 7.a3 Bxc3+ 8.Qxc3 Nxc5
9.Bg5 b6 10.e3 Ba6 11.Nd2 Bb7 12.f3 d5 13.Be2 Rc8 14.Qd4 dxc4 15.Qxd8 Rfxd8
16.Nxc4 Ba6 17.O-O Nb3 18.Rad1 Rxd1 19.Rxd1 h6 20.Bxf6 gxf6 21.Nxb6 Bxe2
22.Nxc8 Bxd1 23.Nxa7 Na5 24.b4 Nc4 25.b5 Ba4 26.Kf2 Kf8 27.Ke2 Ke8 28.Kd3 Nxa3
29.b6 Kd7 30.Kc3 Nb5+ 31.Kb4 Nxa7 32.Kxa4 Nc6 33.Kb5  0-1

[Event "ISR-ch"]
[Site "ISR"]
[Date "1992.??.??"]
[Round "9"]
[White "Lev, Ronen"]
[Black "Greenfeld, Alon"]
[Result "1/2-1/2"]
[WhiteElo "2455"]
[BlackElo "2535"]

1.d4 Nf6 2.c4 e6 3.Nc3 Bb4 4.Qc2 O-O 5.a3 Bxc3+ 6.Qxc3 b6 7.Bg5 Bb7 8.f3 h6
9.Bh4 d5 10.e3 Nbd7 11.Nh3 Rc8 12.c5 bxc5 13.dxc5 c6 14.Bg3 Ra8 15.Bd6 Re8
16.b4 e5 17.Bd3 d4 18.Qb3 Nd5 19.e4 Ne3 20.g3 Nf6 21.Nf2 Re6 22.Nd1 Ne8 23.Nxe3 dxe3
24.Bc4 Rf6 25.O-O Nxd6 26.cxd6 Qb6 27.Rae1 Rd8 28.Kg2 Rdxd6 29.Rxe3 Rd2+
30.Re2 Rd4 31.Rd1 Rxc4 32.Qxc4 Ba6 33.Qc2 Bxe2 34.Qxe2 a5 35.bxa5 Qxa5 36.Qe3 Kh7
37.Rd7 Qb5 38.Rd3 Kg6 39.Rc3 Rd6 40.Qc5 Rd2+ 41.Kh3 Qxc5 42.Rxc5 f6  1/2-1/2

[Event "Karvina op"]
[Site "Karvina"]
[Date "1992.??.??"]
[Round "5"]
[White "Babula, Vlastimil"]
[Black "Korneev, Oleg"]
[Result "1/2-1/2"]
[WhiteElo "2380"]
[BlackElo "2475"]

1.d4 Nf6 2.c4 e6 3.Nc3 Bb4 4.Qc2 O-O 5.a3 Bxc3+ 6.Qxc3 b6 7.Bg5 Bb7 8.f3 h6
9.Bh4 d5 10.e3 Nbd7 11.cxd5 Nxd5 12.Bxd8 Nxc3 13.Be7 Rfe8 14.Bh4 Nd5 15.Bf2 f5
16.Bb5 c6 17.Bd3 c5 18.Bb5 Red8 19.Ne2 Rac8 20.Rc1 a6 21.Bxd7 Rxd7 22.dxc5 Rxc5
23.O-O  1/2-1/2

[Event "Katowice op"]
[Site "Katowice"]
[Date "1992.??.??"]
[Round "7"]
[White "Dydyshko, Viacheslav"]
[Black "Mitenkov, Alexey"]
[Result "1/2-1/2"]
[WhiteElo "2500"]
[BlackElo "2390"]

1.d4 Nf6 2.c4 e6 3.Nc3 Bb4 4.Qc2 O-O 5.a3 Bxc3+ 6.Qxc3 b6 7.Bg5 Bb7 8.f3 d5
9.Nh3 h6 10.Bh4 Re8 11.Rc1 Nc6 12.cxd5 exd5 13.e3 Na5 14.Be2 Rc8 15.O-O c5
16.Bb5 cxd4 17.Qxd4 Rxc1 18.Rxc1 Nb3 19.Qd1 Nxc1 20.Bxe8 Qxe8 21.Qxc1 Nd7
22.Be1 Nc5 23.Bc3 Ne6 24.Qd2 Qb5 25.Kf2 Ba6 26.Nf4 Nxf4 27.exf4 Qf1+ 28.Kg3 Qd3
29.Qxd3 Bxd3 30.Kf2 f6 31.Ke3 Bf1 32.g4 Kf7 33.f5 Bc4 34.Bd4 Bb3 35.h4 Bd1
36.Kf4 Be2 37.b3 Bd1 38.b4 Be2 39.Be3 Bd1 40.Bf2 Be2 41.Be3 Bd1 42.Bd4 Be2
43.Ke3 Bd1 44.Bc3 a6 45.Bd4 b5 46.Bc3 Kg8 47.Bd4 Kf7 48.Bb6 Kg8  1/2-1/2

[Event "Katowice op"]
[Site "Katowice"]
[Date "1992.??.??"]
[Round "8"]
[White "Sapis, Witalis"]
[Black "Gizynski, Tomasz"]
[Result "1/2-1/2"]
[WhiteElo "2420"]
[BlackElo "2310"]

1.d4 e6 2.c4 Nf6 3.Nc3 Bb4 4.Qc2 O-O 5.Nf3 d6 6.a3 Bxc3+ 7.Qxc3 Qe8 8.b4 a5
9.b5 b6 10.g3 Bb7 11.Bg2 e5 12.dxe5 dxe5 13.O-O Nbd7 14.Bb2 Ne4 15.Qc2 Nec5
16.a4 f6 17.Rfd1 Be4 18.Qc3 Qf7 19.Ne1 Rad8 20.Bxe4 Nxe4 21.Qc2 Ng5 22.Ba3 Rfe8
23.Rd5 Ne6 24.Rad1 Ndf8 25.Rxd8 Rxd8 26.Rxd8 Nxd8 27.c5 Nfe6 28.cxb6 cxb6
29.Qc8 Qb7 30.Qc4 Kf7 31.Nc2 Qc7 32.Ne3 Nb7 33.Qd5 Nd8 34.Nc4 Kg6 35.Bd6 Qb7
36.Qxb7 Nxb7 37.Ba3 Nec5 38.Nxb6 Kf5 39.Bxc5 Nxc5 40.Nc4 Nxa4 41.b6 Nc5 42.Nxa5 Nd7
43.b7 Nb8 44.Nc4 Ke6 45.e4 Kd7 46.f4 exf4 47.gxf4 Kc7 48.Kf2 Nd7 49.Kf3 Kxb7
50.Nd6+ Kc6 51.Ne8 g6 52.h4 Kb7 53.f5 Kc8 54.fxg6 hxg6 55.Kf4 Kd8 56.Nxf6  1/2-1/2

[Event "Kecskemet2"]
[Site "Kecskemet"]
[Date "1992.??.??"]
[Round "7"]
[White "Horvath, Csaba"]
[Black "Sjoberg, Mats"]
[Result "0-1"]
[WhiteElo "2515"]
[BlackElo "2470"]

1.d4 Nf6 2.c4 e6 3.Nc3 Bb4 4.Qc2 O-O 5.a3 Bxc3+ 6.Qxc3 Qe8 7.Nf3 d6 8.b4 a5
9.b5 Nbd7 10.Bb2 c5 11.bxc6 bxc6 12.g3 Ba6 13.Qc2 Rb8 14.Nd2 e5 15.Bg2 c5
16.dxe5 Nxe5 17.O-O Qe6 18.Rac1 Nxc4 19.Nxc4 Bxc4 20.Bxf6 Bb3 21.Qd2 gxf6
22.Rc3 a4 23.Re3 Qd7 24.Rf3 Qe6 25.Re3 Qd7 26.Rd3 Qe7 27.Rxd6 Rfd8 28.Rxd8+ Rxd8
29.Qh6 c4 30.Bh3 Qe5 31.f4 Qd4+ 32.Rf2 Bc2 33.e3 Qxe3 34.Qxf6 Rd2 35.Qg5+ Bg6  0-1

[Event "Kobanya op"]
[Site "Kobanya op"]
[Date "1992.??.??"]
[Round "5"]
[White "Bagonyai, Attila"]
[Black "Stajcic, Nikola"]
[Result "1/2-1/2"]
[WhiteElo "2280"]
[BlackElo "2320"]

1.d4 Nf6 2.c4 e6 3.Nc3 Bb4 4.Qc2 O-O 5.a3 Bxc3+ 6.Qxc3 b6 7.Bg5 Bb7 8.Nf3 d6
9.e3 Nbd7 10.Rd1 Ne4 11.Bxd8 Nxc3 12.Rc1 Na2 13.Ra1 Rfxd8 14.Rxa2 a5 15.b3 c5
16.Be2 cxd4 17.exd4 Rdc8 18.O-O d5 19.Nd2 a4 20.b4 dxc4 21.Nxc4 Bd5 22.Rc2 Bxc4
23.Rxc4 Rxc4 24.Bxc4 Rc8 25.Bb5 Nf6 26.Ra1 Rd8 27.Bxa4 Rxd4 28.Rd1 Rxd1+
29.Bxd1  1/2-1/2

[Event "Kobanya op"]
[Site "Kobanya op"]
[Date "1992.??.??"]
[Round "6"]
[White "Berkovich, Dmitry"]
[Black "Tangborn, Eric"]
[Result "1-0"]
[WhiteElo "2455"]
[BlackElo "2355"]

1.d4 Nf6 2.c4 e6 3.Nc3 Bb4 4.Qc2 O-O 5.e4 d5 6.e5 Ne4 7.Bd3 c5 8.a3 Bxc3+
9.bxc3 cxd4 10.cxd4 Qa5+ 11.Kf1 f6 12.Nf3 Nc6 13.Rb1 fxe5 14.dxe5 Nd4 15.Qd1 Nxf3
16.gxf3 Nc5 17.Be2 Bd7 18.cxd5 exd5 19.Qxd5+ Kh8 20.Bd2 Bh3+ 21.Ke1 Qc7 22.Qd6 Qc8
23.Rg1 Qf5 24.Rb4 Ne6 25.Qd5 Rad8 26.Qe4 Rd7 27.Qxf5 Bxf5 28.Be3 Rc8 29.f4 Rc3
30.Bg4 g6 31.Bxf5 gxf5 32.a4 Rdc7 33.Ke2 R3c4 34.Rxc4 Rxc4 35.a5 Nxf4+ 36.Kd2 Ra4
37.Rb1 Ra2+ 38.Kc3 Nd5+ 39.Kd4 Nxe3 40.Kxe3 Rxa5 41.Kf4 Ra2 42.f3 b6 43.Kxf5 Rxh2
44.Rg1 a5 45.e6 Re2 46.Kf6 a4 47.Kf7 h6 48.e7  1-0

[Event "Liechtenstein op"]
[Site "Liechtenstein"]
[Date "1992.??.??"]
[Round "?"]
[White "Baburin, Alexander"]
[Black "Grooten, Herman"]
[Result "1-0"]
[WhiteElo "2490"]
[BlackElo "2430"]

1.d4 Nf6 2.c4 e6 3.Nc3 Bb4 4.Qc2 O-O 5.Nf3 b6 6.e4 c5 7.e5 cxd4 8.a3 dxc3
9.axb4 cxb2 10.Bxb2 Ne8 11.Bd3 f5 12.exf6 Nxf6 13.Ng5 Nc6 14.Bxh7+ Kh8 15.b5 Nb4
16.Qc3 e5 17.Bb1 Ng4 18.Qxb4 Bb7 19.Qd2 Bxg2 20.Rg1 Rxf2 21.Qxf2 Qxg5 22.Rxg2 Rc8
23.Ra3 Kg8 24.Qf5 Qh4+ 25.Rag3  1-0

[Event "Lippstadt"]
[Site "Lippstadt"]
[Date "1992.??.??"]
[Round "?"]
[White "Boensch, Uwe"]
[Black "Wehmeier, Stefan"]
[Result "1/2-1/2"]
[WhiteElo "2490"]
[BlackElo "2340"]

1.d4 Nf6 2.c4 e6 3.Nc3 Bb4 4.Qc2 O-O 5.Nf3 c5 6.dxc5 Na6 7.g3 Nxc5 8.Bg2 d5
9.O-O Qa5 10.cxd5 Bxc3 11.bxc3 Nxd5 12.Bd2 Qa4 13.Qxa4 Nxa4 14.Rfc1 Rd8 15.c4 Ne7
16.Ba5 b6 17.Ne5 Rb8 18.Bb4 Nc5 19.Bxc5 bxc5 20.Nd3 Bb7 21.Bxb7 Rxb7 22.Nxc5 Rb2
23.e3 Rdd2 24.Ne4 Re2 25.Rab1 Nc6 26.Rxb2 Rxb2 27.a3 Kf8 28.Rc3 Ke7 29.c5 Kd7
30.g4 Ne5 31.h3 Kc6 32.Kg2 f6 33.Nd6 Nd7 34.Ne8 Nxc5 35.Nxg7 Kd5 36.Nh5 Ne4
37.Rc7 Rxf2+ 38.Kg1 Rf3 39.Rxh7 e5 40.Rd7+ Kc4 41.Kg2 Rf2+ 42.Kg1 Rf3 43.Kg2 Rf2+  1/2-1/2

[Event "Lippstadt"]
[Site "Lippstadt"]
[Date "1992.??.??"]
[Round "?"]
[White "Panzer, Peter"]
[Black "Matthias, Heiner"]
[Result "0-1"]
[WhiteElo "2340"]
[BlackElo "2325"]

1.d4 e6 2.c4 Nf6 3.Nc3 Bb4 4.Qc2 O-O 5.Nf3 b6 6.g3 Ba6 7.a3 Bxc3+ 8.Qxc3 d5
9.b3 Nbd7 10.Bg2 c5 11.dxc5 Nxc5 12.O-O dxc4 13.bxc4 Rc8 14.Ne5 Nfe4 15.Qc2 Bb7
16.Bb2 Nd6 17.Rfd1 Bxg2 18.Kxg2 Qc7 19.Rd4 f6 20.Nf3 e5 21.Rh4 e4 22.Nd4 Qf7
23.Rc1 Ne6 24.Qa4 Nxd4 25.Bxd4 Rfe8 26.c5 Nf5 27.Rf4 Qd5 28.Qc4 Qxc4 29.Rxc4 b5
30.Rb4 a5 31.Rxb5 Nxd4 32.Rxa5 Nb3 33.Ra7 Nxc5 34.Rf5 h6 35.Rd5 Ne6 36.Rdd7 Rcd8
37.Rf7 Ra8 38.Rfe7 Rxa7 39.Rxa7 f5 40.f3 exf3+ 41.exf3 Nc5 42.Ra5 Re2+  0-1

[Event "Manila ol (Men)"]
[Site "Manila"]
[Date "1992.??.??"]
[Round "?"]
[White "Elbilia, Jacques"]
[Black "Hmadi, Slaheddine"]
[Result "0-1"]
[WhiteElo "2220"]
[BlackElo "2330"]

1.d4 e6 2.c4 Nf6 3.Nc3 Bb4 4.Qc2 O-O 5.Bg5 h6 6.Bh4 c5 7.e3 cxd4 8.exd4 Nc6
9.Nf3 g5 10.Bg3 g4 11.Ne5 Nxd4 12.Qd2 Nf5 13.Bd3 d6 14.Bxf5 exf5 15.Qxh6 Nh7
16.Nd3 Bxc3+ 17.bxc3 Re8+ 18.Kf1 Qg5 19.Qxg5+ Nxg5 20.Bxd6 Be6 21.Bf4 Ne4
22.Nb2 Rad8 23.h3 f6 24.f3 Nxc3 25.Kf2 g3+ 26.Kf1 Ne2 27.Be3 Nc3 28.Bf4 Nd1
29.Bc1 Nf2  0-1

[Event "Manila ol (Women)"]
[Site "Manila"]
[Date "1992.??.??"]
[Round "?"]
[White "Prudnikova, Svetlana"]
[Black "Fischdick, Gisela"]
[Result "1/2-1/2"]
[WhiteElo "2265"]
[BlackElo "2270"]

1.d4 Nf6 2.c4 e6 3.Nc3 Bb4 4.Qc2 O-O 5.a3 Bxc3+ 6.Qxc3 b6 7.Bg5 Bb7 8.Nf3 d6
9.Nd2 Nbd7 10.f3 e5 11.e4 exd4 12.Qxd4 Qe7 13.Be2 Qe5 14.Qxe5 dxe5 15.Nb1 Nc5
16.Nc3 c6 17.b4 Ne6 18.Be3 Rfd8 19.Kf2 Nd4 20.a4 Bc8 21.b5 Be6 22.bxc6 Nxe2
23.Nxe2 Rac8 24.c5 Rxc6 25.cxb6 axb6 26.Rhc1 Rxc1 27.Rxc1 Ra8 28.Nc3 Nd7
29.Rd1 h6 30.Rd6 Nc5 31.Bxc5 bxc5 32.Rc6 Ra5 33.Rb6 Bd7 34.Rb8+ Kh7 35.Rb1 Kg6
36.Ke3 h5 37.g3 f6 38.Ra1 Kf7 39.Kd3 Ke7 40.Nd5+ Kd6 41.Nc3 Be8 42.Kc4 Bf7+
43.Nd5 Bxd5+ 44.exd5 f5 45.Ra3 e4 46.fxe4 fxe4 47.Ra1 g5 48.h3 e3 49.Kd3 Kxd5
50.Kxe3 c4 51.Kd2 Kd4 52.Kc2 Rf5 53.Rd1+ Kc5 54.a5 Rf2+ 55.Rd2 Rf3 56.a6 Ra3
57.Re2 Kd5 58.Re8 Rxa6 59.Rg8 Ra2+ 60.Kb1 Rg2 61.Rxg5+ Kd4 62.Rxh5 Rxg3  1/2-1/2

[Event "Manila ol (Women)"]
[Site "Manila"]
[Date "1992.??.??"]
[Round "?"]
[White "Amura, Claudia Noemi"]
[Black "Voiska, Margarita"]
[Result "1/2-1/2"]
[WhiteElo "2355"]
[BlackElo "2345"]

1.d4 Nf6 2.c4 e6 3.Nc3 Bb4 4.Qc2 O-O 5.Bg5 c5 6.e3 cxd4 7.exd4 d5 8.Nf3 Nc6
9.Rd1 Re8 10.Be2 dxc4 11.Bxc4 Be7 12.O-O h6 13.Bc1 Na5 14.Bd3 Bd7 15.Qe2 Bc6
16.Ne5 Bd5 17.f4 Rc8 18.f5 Nc6 19.Be3 Nb4 20.Bb1 exf5 21.Bxf5 Be6 22.Bxe6 fxe6
23.Qf3 Bf8 24.Qxb7 Rc7 25.Qf3 Nbd5 26.Bf2 Nxc3 27.bxc3 Qd5 28.Qd3 Qe4 29.Qd2 Nd5
30.Rfe1 Qf5 31.Nf3  1/2-1/2

[Event "Manila ol (Women)"]
[Site "Manila"]
[Date "1992.??.??"]
[Round "?"]
[White "Amura, Claudia Noemi"]
[Black "Demina, Julia"]
[Result "1-0"]
[WhiteElo "2355"]
[BlackElo "2390"]

1.d4 Nf6 2.c4 e6 3.Nc3 Bb4 4.Qc2 O-O 5.a3 Bxc3+ 6.Qxc3 b6 7.Bg5 c5 8.dxc5 bxc5
9.e3 d6 10.Bd3 Nbd7 11.Ne2 Rb8 12.Rd1 Qb6 13.Rd2 Ba6 14.Nc1 h6 15.Bf4 Ne8
16.O-O f5 17.Bg3 Ndf6 18.f3 g5 19.Rfd1 Qc6 20.Bc2 Rd8 21.Nb3 g4 22.Na5 Qc7
23.fxg4 Nxg4 24.Ba4 Ngf6 25.Bc6 Nh5 26.Bh4 Nef6 27.Bf3 Rd7 28.b4 e5 29.b5 Bc8
30.Nc6 e4 31.Be2 a6 32.a4 Bb7 33.Bxh5 Nxh5 34.Ne5 Rdd8 35.Ng6  1-0

[Event "Manila ol (Women)"]
[Site "Manila"]
[Date "1992.??.??"]
[Round "?"]
[White "Amura, Claudia Noemi"]
[Black "Baginskaite, Kamile"]
[Result "0-1"]
[WhiteElo "2355"]
[BlackElo "2280"]

1.d4 Nf6 2.c4 e6 3.Nc3 Bb4 4.Qc2 O-O 5.a3 Bxc3+ 6.Qxc3 b6 7.Bg5 Ba6 8.e3 d6
9.Bd3 Nbd7 10.Ne2 c5 11.Qd2 Rc8 12.Rc1 h6 13.Bh4 cxd4 14.exd4 d5 15.cxd5 Bxd3
16.Rxc8 Qxc8 17.dxe6 Bxe2 18.exd7 Qxd7 19.Bxf6 Re8 20.Be5 Bb5 21.Kd1 f6 22.Bg3 Qf5
23.Qc2 Qg4+  0-1

[Event "Manila ol (Men)"]
[Site "Manila"]
[Date "1992.??.??"]
[Round "?"]
[White "Yrjola, Jouni"]
[Black "Lobron, Eric"]
[Result "0-1"]
[WhiteElo "2485"]
[BlackElo "2575"]

1.d4 Nf6 2.c4 e6 3.Nc3 Bb4 4.Qc2 O-O 5.a3 Bxc3+ 6.Qxc3 b6 7.Bg5 c5 8.dxc5 bxc5
9.e3 Nc6 10.Nf3 Rb8 11.Bd3 Qb6 12.Bxf6 gxf6 13.O-O-O Kg7 14.g4 Qb3 15.Qxb3 Rxb3
16.g5 f5 17.Be2 Rb6 18.Rd6 Rh8 19.Rhd1 h6 20.h4 hxg5 21.hxg5 Kf8 22.R6d3 Ke7
23.Rg1 Rh3 24.Rc3 Bb7 25.g6 fxg6 26.Rxg6 Nd8 27.Ng1 Rh2 28.f3 Nf7 29.Rg3 Ne5
30.Rc2 Ba6 31.f4 Nxc4 32.Bxc4 Rxc2+ 33.Kxc2 Bxc4 34.Rg7+ Kd6 35.Nf3 Bb3+
36.Kc3 Ba4 37.Nd2 Rb8 38.b3 Bc6 39.Nc4+ Kc7 40.Ne5 Rh8 41.Rg3 Rh2 42.Nd3 Kd6
43.b4 cxb4+ 44.axb4 Bb5 45.Nc5 Re2 46.Nb3 a6 47.Nd2 Kd5 48.Rh3 Re1 49.Rg3 Rc1+
50.Kb2 Rc8 51.Rg1 Rh8 52.Rg3 d6 53.Kb3 Be2 54.Rg2 Bd1+ 55.Kb2 Bg4 56.Kc3 Rh3
57.Kd3 e5 58.fxe5 dxe5 59.Nb3 Kc6 60.Na5+ Kd5 61.Nc4 Rh1 62.Nb6+ Ke6 63.Nc4 Rd1+
64.Kc2 Ra1 65.Kd3 Kf6 66.Rb2 Rd1+ 67.Kc2 Re1 68.Kd3 Rd1+ 69.Kc2 Rd8 70.Ra2 Rc8
71.Kd3 e4+ 72.Kd4 Kg5 73.Ra5 Rd8+ 74.Rd5 Rb8 75.Kc3 Rc8 76.Kd4 Rb8 77.Kc3 Kh4
78.Rd6 Be2 79.Ne5 Kg3 80.Kd2 Kf2  0-1

[Event "Manila ol (Men)"]
[Site "Manila"]
[Date "1992.??.??"]
[Round "?"]
[White "Nadera, Barlo A"]
[Black "Johansen, Darryl K"]
[Result "1-0"]
[WhiteElo "2390"]
[BlackElo "2485"]

1.d4 Nf6 2.c4 e6 3.Nc3 Bb4 4.Qc2 O-O 5.a3 Bxc3+ 6.Qxc3 b6 7.b4 Bb7 8.Bb2 a5
9.f3 c5 10.dxc5 axb4 11.axb4 Rxa1+ 12.Bxa1 bxc5 13.b5 d5 14.e3 Nbd7 15.Kf2 e5
16.Nh3 d4 17.exd4 cxd4 18.Qb4 Qb6 19.Bd3 e4 20.fxe4 Bxe4 21.Rd1 Ng4+ 22.Kg1 Bxg2
23.Nf2 Nxf2 24.Bxd4 Qh6 25.Bxf2 Ba8 26.Qd2 Qh5 27.Bg3 Qf3 28.Qe2 Qh1+ 29.Kf2 Qg2+
30.Ke1 Qg1+ 31.Kd2 Qb6 32.Kc2 Nf6 33.Ra1 Re8 34.Qxe8+  1-0

[Event "Manila ol (Men)"]
[Site "Manila"]
[Date "1992.??.??"]
[Round "?"]
[White "Annakov, Babakuli"]
[Black "Solomon, Stephen J"]
[Result "0-1"]
[WhiteElo "2365"]
[BlackElo "2445"]

1.d4 Nf6 2.c4 e6 3.Nc3 Bb4 4.Qc2 O-O 5.Nf3 b6 6.e4 d5 7.e5 Ne4 8.Bd3 Nd7
9.O-O Bxc3 10.bxc3 Ba6 11.cxd5 Bxd3 12.Qxd3 exd5 13.c4 c6 14.Ba3 Re8 15.cxd5 cxd5
16.Rac1 Nf8 17.Qb5 Re6 18.Rc2 a6 19.Qb3 Rg6 20.Bxf8 Kxf8 21.Qa3+ Kg8 22.Rfc1 h5
23.Rc7 Nc5 24.R1xc5 bxc5 25.Qxc5 h4 26.h3 Rb8 27.Qe7 Qxe7 28.Rxe7 Rb1+ 29.Kh2 Rb2
30.Re8+ Kh7 31.Nxh4 Re6 32.Rd8 Rxf2 33.Rxd5 Rc6 34.Ra5 Rcc2 35.e6 fxe6 36.a4 Kh6
37.Rxa6 Kh5 38.Kg3 g5 39.Ra5 Kh6 40.Kg4 Rf4+  0-1

[Event "Manila ol (Men)"]
[Site "Manila"]
[Date "1992.??.??"]
[Round "?"]
[White "Annakov, Babakuli"]
[Black "Danielsen, Henrik"]
[Result "0-1"]
[WhiteElo "2365"]
[BlackElo "2390"]

1.d4 Nf6 2.c4 e6 3.Nc3 Bb4 4.Qc2 O-O 5.Nf3 c5 6.dxc5 Na6 7.g3 Nxc5 8.Bg2 b6
9.O-O Bb7 10.Nb5 Nce4 11.Bf4 a6 12.Nbd4 Rc8 13.Qd3 d5 14.Rac1 Bc5 15.a3 dxc4
16.Rxc4 b5 17.Rcc1 Qe7 18.b4 Ba7 19.Ne5 Rfd8 20.Rxc8 Rxc8 21.Rc1 Rxc1+ 22.Bxc1 Qd6
23.Ndc6 Bxf2+ 24.Kf1 Bxc6 25.Nxc6 Bb6 26.Qxd6 Nxd6 27.Nb8 a5 28.Bc6 axb4
29.axb4 Ng4 30.Kg2 Ne5 31.Ba8 Nec4 32.Kf3 f5 33.Nd7 Bd4 34.Nc5 Kf7 35.Nd3 h6
36.h3 g5 37.Bc6 Kf6 38.Ba8 Bc3 39.Bc6 e5 40.e4 Bd2 41.Bxd2 Nxd2+ 42.Kg2 N2xe4
43.g4 f4 44.Nc5 Nc3 45.Nd7+ Ke6 46.Nc5+ Ke7 47.h4 e4 48.h5 Kf6 49.Nd7+ Ke6
50.Nf8+ Ke7 51.Ng6+ Kf6 52.Nf8 Nc4 53.Nd7+ Ke6 54.Nc5+ Ke5 55.Kh3 f3 56.Kg3 Ne2+
57.Kf2 e3+  0-1

[Event "Capablanca mem-B"]
[Site "Matanzas"]
[Date "1992.??.??"]
[Round "1"]
[White "Vera, Reynaldo"]
[Black "Adla, Diego"]
[Result "1/2-1/2"]
[WhiteElo "2495"]
[BlackElo "2435"]

1.d4 Nf6 2.c4 e6 3.Nc3 Bb4 4.Qc2 O-O 5.Nf3 c5 6.dxc5 Na6 7.g3 Nxc5 8.Bg2 Nce4
9.O-O Bxc3 10.bxc3 Qa5 11.Nd4 d5 12.cxd5 exd5 13.c4 Re8 14.cxd5 Qxd5 15.Bb2 Bd7
16.f3 Rac8 17.Qd3 Nc5 18.Qd2 Na4 19.e4 Qd6 20.Rad1 Nxb2 21.Qxb2 Rc4 22.Rfe1 Ba4
23.Nb3 Qb6+ 24.Kh1 Nd7 25.Rd2 Rb4 26.Qa1 Ne5 27.Nd4 Rd8 28.Nf5 Rxd2 29.Qxe5 Qf6
30.Qc5 Qb6 31.Qe5  1/2-1/2

[Event "Melitopol Cup (Women)"]
[Site "Melitopol"]
[Date "1992.??.??"]
[Round "8"]
[White "Prudnikova, Svetlana"]
[Black "Saunina, Ludmila"]
[Result "1-0"]
[WhiteElo "2335"]
[BlackElo "2165"]

1.d4 Nf6 2.c4 e6 3.Nc3 Bb4 4.Qc2 O-O 5.a3 Bxc3+ 6.Qxc3 Ne4 7.Qc2 f5 8.e3 b6
9.Nh3 Bb7 10.f3 Qh4+ 11.g3 Qe7 12.Bg2 Nd6 13.O-O c5 14.dxc5 bxc5 15.e4 Nc6
16.Bg5 Qe8 17.Be3 Nd4 18.Bxd4 cxd4 19.e5 Nf7 20.f4 Bxg2 21.Qxg2 Rc8 22.Rac1 d6
23.exd6 Nxd6 24.Qd2 Nxc4 25.Qxd4 Qb5 26.Ng5 Rfd8 27.Qxa7 Rd2 28.Qf7+ Kh8
29.Qxe6 Qc5+ 30.Kh1 h6 31.Nf7+ Kh7 32.Ne5 Qc7 33.Qxf5+ Kg8 34.Rxc4 Qb7+ 35.Qe4 Qa6
36.Rxc8+ Qxc8 37.Qc4+  1-0

[Event "Mlada Boleslav op"]
[Site "Mlada Boleslav"]
[Date "1992.??.??"]
[Round "7"]
[White "Babula, Vlastimil"]
[Black "Hracek, Zbynek"]
[Result "1-0"]
[WhiteElo "2380"]
[BlackElo "2480"]

1.d4 Nf6 2.c4 e6 3.Nc3 Bb4 4.Qc2 O-O 5.a3 Bxc3+ 6.Qxc3 b6 7.Bg5 Bb7 8.f3 h6
9.Bh4 d5 10.e3 Nbd7 11.cxd5 exd5 12.Nh3 Re8 13.Be2 c5 14.O-O Rc8 15.Rad1 c4
16.Rde1 b5 17.Bd1 a5 18.Re2 Qb6 19.Be1 Ra8 20.g4 Nf8 21.g5 N6h7 22.gxh6 Qxh6
23.Nf4 Ra6 24.Bc2 Ng5 25.Kh1 Nh3 26.Bg3 Nxf4 27.Bxf4 Qh3 28.Rg2 Ng6 29.Bg5 Bc8
30.Qe1 Qh5 31.Rg3 f6 32.Bh6 Qxh6 33.Rxg6 Qxe3 34.Qg3 Re7 35.Rg1 Raa7 36.Rxf6 Rf7
37.Qh4 Rxf6 38.Qh7+ Kf7 39.Rxg7+ Ke6 40.Qg8+ Kd6 41.Qd8+ Bd7 42.Qb6+ Bc6
43.Qc5+  1-0

[Event "Alekhine op"]
[Site "Moscow"]
[Date "1992.??.??"]
[Round "?"]
[White "Timoshchenko, Gennadi A"]
[Black "Sturua, Zurab"]
[Result "1-0"]
[WhiteElo "2515"]
[BlackElo "2545"]

1.d4 Nf6 2.c4 e6 3.Nc3 Bb4 4.Qc2 O-O 5.Nf3 d6 6.Bg5 Nbd7 7.e3 h6 8.Bh4 b6
9.O-O-O Bxc3 10.Qxc3 Bb7 11.Bd3 a6 12.Qc2 Qb8 13.e4 c5 14.d5 e5 15.Rdg1 Nh7
16.g4 g5 17.Bg3 Bc8 18.h4 f6 19.Nd2 b5 20.Nf1 Nb6 21.Ne3 Ra7 22.f3 Rff7 23.hxg5 hxg5
24.Rh6 Rg7 25.Rgh1 b4 26.Be1 a5 27.R1h3 Rae7 28.Qh2 Qa7 29.Nf1 Nd7 30.Ng3 Ndf8
31.Nf5 Bxf5 32.exf5 a4 33.Rg6 a3 34.b3 Rf7 35.Rhh6 Qe7 36.Be4 Qd8 37.Qh5 Ra7
38.Bd2 Rc7 39.Kc2 Rd7 40.Kd3 Qe7 41.Bxg5 Nxg5 42.Rh8+ Kf7 43.Rxg5+  1-0

[Event "Moscow rapid"]
[Site "Moscow"]
[Date "1992.??.??"]
[Round "?"]
[White "Yakovich, Yuri"]
[Black "Karpov, Anatoly"]
[Result "0-1"]
[WhiteElo "2520"]
[BlackElo "2715"]

1.d4 Nf6 2.c4 e6 3.Nc3 Bb4 4.Qc2 O-O 5.Nf3 c5 6.a3 Bxc3+ 7.Qxc3 cxd4 8.Qxd4 Nc6
9.Qh4 d5 10.cxd5 Qxd5 11.Bg5 Nd7 12.e4 Qb3 13.Rb1 Qc2 14.Nd2 Nc5 15.b4 f6
16.bxc5 fxg5 17.Qxg5 Rd8 18.Rd1 h6 19.Qe3 Ne5 20.Be2 Nd3+ 21.Bxd3 Rxd3 22.Qe2 b6
23.cxb6 Ba6 24.O-O axb6 25.e5 Rd4 26.Qf3 Rad8 27.Rfe1 Rxd2 28.Rc1 Qxc1 29.Rxc1 Be2  0-1

[Event "Moscow-ch"]
[Site "Moscow"]
[Date "1992.??.??"]
[Round "?"]
[White "Makarjev, Ilja"]
[Black "Pripis, Felixs L"]
[Result "1/2-1/2"]
[WhiteElo "2335"]
[BlackElo "2320"]

1.d4 Nf6 2.c4 e6 3.Nc3 Bb4 4.Qc2 O-O 5.Nf3 b6 6.e3 Bb7 7.a3 Bxc3+ 8.Qxc3 a5
9.Bd3 d6 10.O-O Nbd7 11.b3 e5 12.Nd2 Re8 13.Bb2 exd4 14.exd4 d5 15.Rfe1 Nf8
16.Nf3 dxc4 17.bxc4 Bxf3 18.gxf3 Ng6  1/2-1/2

[Event "Alekhine op"]
[Site "Moscow"]
[Date "1992.??.??"]
[Round "?"]
[White "Timoshchenko, Gennadi A"]
[Black "Ulibin, Mikhail"]
[Result "1/2-1/2"]
[WhiteElo "2515"]
[BlackElo "2570"]

1.d4 e6 2.c4 Nf6 3.Nc3 Bb4 4.Qc2 O-O 5.Nf3 c5 6.dxc5 Na6 7.e3 Nxc5 8.Bd2 b6
9.Be2 Bb7 10.O-O Nfe4 11.Nxe4  1/2-1/2

[Event "Muenster"]
[Site "Muenster"]
[Date "1992.??.??"]
[Round "9"]
[White "Forintos, Gyozo V"]
[Black "Emunds, Hans Georg"]
[Result "1-0"]
[WhiteElo "2465"]
[BlackElo "2315"]

1.d4 Nf6 2.c4 e6 3.Nc3 Bb4 4.Qc2 O-O 5.a3 Bxc3+ 6.Qxc3 b6 7.Bg5 Bb7 8.f3 h6
9.Bh4 d5 10.e3 Nbd7 11.cxd5 exd5 12.Bd3 c5 13.Bf5 cxd4 14.Qxd4 g5 15.Bf2 Nc5
16.Rd1 Ne6 17.Qd2 Qe7 18.Ne2 Ba6 19.O-O Rad8 20.Rfe1 Bxe2 21.Qxe2 Rd7 22.Rd2 Rfd8
23.Red1 Nh5 24.Bc2 Qf6 25.g4 Nhg7 26.Ba4 Re7 27.Rxd5 Rf8 28.Rd6 Qe5 29.Qb5 Qxb5
30.Bxb5 f5 31.Bc4 fxg4 32.fxg4 Kh7 33.Rc6  1-0

[Event "New York op"]
[Site "New York"]
[Date "1992.??.??"]
[Round "3"]
[White "Conover, Wayne"]
[Black "Wedberg, Tom"]
[Result "0-1"]
[WhiteElo "2310"]
[BlackElo "2465"]

1.d4 Nf6 2.c4 e6 3.Nc3 Bb4 4.Qc2 O-O 5.Nf3 b6 6.Bg5 Bb7 7.e3 h6 8.Bh4 d6
9.Bd3 Nbd7 10.O-O Bxc3 11.Qxc3 a5 12.Rad1 g5 13.Bg3 Nh5 14.Nd2 f5 15.f4 Qe7
16.Rde1 Qg7 17.Re2 Rae8 18.Be1 c5 19.fxg5 hxg5 20.d5 Qxc3 21.bxc3 Ne5 22.Bc2 exd5
23.Rxf5 Rxf5 24.Bxf5 Ba6 25.Bf2 Kg7 26.Re1 Nxc4 27.Nxc4 Bxc4 28.a3 b5 29.g4 Nf6
30.Bg3 Ne4 31.Bxe4 Rxe4 32.Bxd6 d4 33.Bxc5 d3 34.Rd1 Rxg4+ 35.Kf2 Kg6 36.Bd6 Re4
37.Bc7 a4 38.Bb6 Kf5 39.Bd4 Rh4 40.e4+ Kxe4 41.Kg3 Be6 42.Re1+ Kd5 43.Be3 Rg4+
44.Kf3 Re4 45.Rb1 g4+ 46.Kf2 Bd7 47.Rb4 Rxb4 48.cxb4 Kc4 49.Ke1 Kb3 50.Bc1 Kc2
51.Bf4 Kb2 52.Kd2 Bf5  0-1

[Event "NZD-ch"]
[Site "?"]
[Date "1992.??.??"]
[Round "4"]
[White "Dive, Russell John"]
[Black "Small, Vernon A"]
[Result "0-1"]
[WhiteElo "2295"]
[BlackElo "2375"]

1.d4 Nf6 2.c4 e6 3.Nc3 Bb4 4.Qc2 O-O 5.Bg5 h6 6.Bh4 d5 7.cxd5 exd5 8.a3 Bxc3+
9.Qxc3 g5 10.Bg3 c5 11.Qxc5 Nc6 12.f3 Re8 13.Rd1 Bd7 14.h4 b6 15.Qc1 Nh5
16.Bf2 Rc8 17.Qd2 Na5 18.hxg5 Nc4 19.Qc1 Ne3 20.Rxh5 Rxc1 21.Rxc1 hxg5 22.g4 f6
23.Bxe3 Rxe3 24.Kf2 Rb3 25.Rc2 Be8 26.Rh1 Bg6 27.e4 dxe4 28.Bc4+ Bf7 29.Bxb3 Qxd4+
30.Kg2 Bxb3 31.Rc8+ Kg7 32.Rc7+ Bf7 33.Rxa7 Kg6 34.Rh2 exf3+ 35.Nxf3 Qxg4+
36.Kf2 Bd5  0-1

[Event "Oslo-B"]
[Site "Oslo"]
[Date "1992.??.??"]
[Round "3"]
[White "Dannevig, Oystein"]
[Black "Johannessen, Svein"]
[Result "1-0"]
[WhiteElo "2275"]
[BlackElo "2350"]

1.d4 Nf6 2.c4 e6 3.Nc3 Bb4 4.Qc2 O-O 5.Nf3 d6 6.Bg5 Nbd7 7.e3 e5 8.O-O-O Bxc3
9.Qxc3 Qe7 10.Nd2 Re8 11.Qc2 e4 12.Be2 c6 13.g4 d5 14.Bf4 dxc4 15.Nxc4 Nb6
16.Nd6 Rd8 17.Qc5 Nfd5 18.Bg3 Na4 19.Qc2 b5 20.Qxe4 Be6 21.Nf5 Qb4 22.Qc2 Qa5
23.Qd2 b4 24.e4 Nac3 25.exd5 Nxa2+ 26.Kb1 Rab8 27.Bxb8 Rxb8 28.Ne7+ Kf8 29.Nxc6 Qa4
30.Nxb8 b3 31.dxe6 Nb4 32.e7+ Ke8 33.Bb5+ Qxb5 34.Qc3 Qb7  1-0